[Event "ICS unrated blitz match"]
[Site "204.178.125.65"]
[Date "1999.10.21"]
[Round "?"]
[White "Moron"]
[Black "Hossa"]
[Result "1-0"]
[WhiteElo "2847"]
[BlackElo "2492"]
[PlyCount "126"]
[EventDate "1999.??.??"]

1. d4 e6 2. Nf3 d5 3. e3 Nf6 4. Nbd2 c5 5. c3 Nc6 6. Bd3 Bd6 7. O-O e5 8. dxc5
Bxc5 9. e4 O-O 10. exd5 Nxd5 11. Nc4 f6 12. Qc2 h6 13. Bh7+ Kh8 14. Rd1 Bg4 15.
Be4 Nce7 16. b4 b5 17. Ncxe5 Bxf2+ 18. Qxf2 fxe5 19. Qc5 Bxf3 20. gxf3 Rc8 21.
Rxd5 Nxd5 22. Qxd5 Qxd5 23. Bxd5 Rfd8 24. c4 bxc4 25. Be6 Rc6 26. Bf7 c3 27.
Kf2 Rf6 28. Bb3 Rdf8 29. Bd5 Rd8 30. Be4 Rd4 31. Ke2 Ra6 32. b5 Ra5 33. Bc6 h5
34. a3 Rd6 35. Ra2 Ra4 36. Rc2 Rc4 37. Be4 Rc5 38. Bd3 Rc7 39. Be3 g6 40. Bf2
g5 41. Be1 g4 42. Be4 Rf7 43. Bxc3 gxf3+ 44. Bxf3 Kh7 45. Bxe5 Re6 46. Be4+ Kh6
47. Rc6 Rfe7 48. Kf3 Kg5 49. h4+ Kxh4 50. Bf6+ Rxf6+ 51. Rxf6 Rg7 52. Rg6 Rf7+
53. Ke3 Rc7 54. Kf4 Rf7+ 55. Bf5 Rc7 56. Rc6 Rf7 57. Rc3 Rxf5+ 58. Kxf5 a5 59.
Kf4 a4 60. Rc1 Kh3 61. Kf3 Kh2 62. b6 h4 63. b7 63... h3 {Hossa resigns} 1-0

[Event "ICS rated blitz match"]
[Site "204.178.125.65"]
[Date "1999.10.21"]
[Round "?"]
[White "Hossa"]
[Black "Talmoves"]
[Result "0-1"]
[WhiteElo "2492"]
[BlackElo "2578"]
[PlyCount "131"]
[EventDate "1999.??.??"]

1. d4 d5 2. e4 c6 3. Nd2 dxe4 4. Nxe4 Bf5 5. Ng3 Bg6 6. Nf3 Nd7 7. Bc4 e6 8.
O-O Ngf6 9. Nh4 Bd6 10. Bg5 Qb6 11. Bb3 O-O-O 12. c4 Bxg3 13. fxg3 Bh5 14. Qd2
h6 15. Be3 Ne4 16. Qd3 Ndf6 17. Nf3 c5 18. d5 Rhe8 19. Rae1 Bg6 20. Qd1 exd5
21. cxd5 Bf5 22. Nd2 Nxd5 23. Qf3 Bg6 24. Nxe4 Bxe4 25. Qf2 Nxe3 26. Rxe3 Bd3
27. Rxe8 Rxe8 28. Qxf7 c4+ 29. Kh1 Qc6 30. Rc1 b5 31. a4 Re2 32. Qf1 Rxg2 33.
Qf8+ Kd7 34. Qxg7+ Kc8 35. Qg4+ Kd8 36. Qd4+ Ke8 37. Qe5+ Kf8 38. axb5 Qf3 39.
Qb8+ Kg7 40. Qxa7+ Kg6 41. Qb6+ Kh5 42. Qc5+ Bf5 43. Qxf5+ Qxf5 44. Bd1+ Kg5
45. h4+ Kf6 46. Kxg2 Qd5+ 47. Kf1 Qh1+ 48. Kf2 Qh2+ 49. Kf1 Qd2 50. Ra1 Qxb2
51. Ra6+ Ke5 52. Rxh6 Qc1 53. Rh5+ Kd4 54. Kg2 Qd2+ 55. Kh3 Qxd1 56. Rf5 c3 57.
Rf4+ Kd3 58. Kg2 c2 59. Rf6 c1=Q 60. Rd6+ Ke2 61. Rxd1 Qxd1 62. g4 Ke3 63. Kg3
Qf1 64. h5 Qg1+ 65. Kh3 Kf4 66. h6 {Hossa resigns} 0-1

[Event "ICS rated blitz match"]
[Site "204.178.125.65"]
[Date "1999.10.21"]
[Round "?"]
[White "Talmoves"]
[Black "Hossa"]
[Result "1-0"]
[WhiteElo "2590"]
[BlackElo "2480"]
[PlyCount "51"]
[EventDate "1999.??.??"]

1. e4 e5 2. Nf3 Nc6 3. Bb5 a6 4. Ba4 b5 5. Bb3 Na5 6. O-O d6 7. d4 exd4 8. Nxd4
Ne7 9. Bg5 Bb7 10. Nc3 h6 11. Qh5 g6 12. Qh3 Bg7 13. Bxe7 Qxe7 14. Nd5 Qd8 15.
Ne6 Qb8 16. Nxg7+ Kd8 17. Qc3 Nxb3 18. axb3 Bxd5 19. exd5 Rf8 20. Qc6 Ra7 21.
Rae1 Kc8 22. Re8+ Rxe8 23. Qxe8+ Kb7 24. Qc6+ Kc8 25. Re1 a5 26. Re8# {
Hossa checkmated} 1-0

[Event "ICS rated blitz match"]
[Site "204.178.125.65"]
[Date "1999.10.21"]
[Round "?"]
[White "Hossa"]
[Black "Isfen"]
[Result "1-0"]
[WhiteElo "2485"]
[BlackElo "2258"]
[PlyCount "75"]
[EventDate "1999.??.??"]

1. e4 d6 2. Nf3 Nd7 3. d4 e5 4. Bc4 c6 5. O-O Be7 6. Be3 Ngf6 7. Nc3 O-O 8. Bd3
b5 9. Re1 a5 10. a4 b4 11. Ne2 Qc7 12. Ng3 Re8 13. Nf5 Bf8 14. Bg5 h6 15. Be3
c5 16. dxe5 dxe5 17. Qe2 Nb6 18. Bb5 Rd8 19. Ng3 Bd7 20. Red1 Bxb5 21. axb5
Rxd1+ 22. Qxd1 a4 23. Qf1 a3 24. bxa3 Rxa3 25. Rb1 Na4 26. Bc1 Ra2 27. Qc4 Nc3
28. Bb2 Qa5 29. Bxc3 bxc3 30. Nxe5 Rb2 31. Qxf7+ Kh7 32. Rd1 Qa8 33. Ng6 Rxc2
34. Nxf8+ Kh8 35. Nf5 Nh5 36. Ne7 Qxf8 37. Qxf8+ Kh7 38. Qg8# {Isfen checkmated
} 1-0

[Event "ICS rated blitz match"]
[Site "204.178.125.65"]
[Date "1999.10.21"]
[Round "?"]
[White "Isfen"]
[Black "Hossa"]
[Result "0-1"]
[WhiteElo "2251"]
[BlackElo "2492"]
[PlyCount "26"]
[EventDate "1999.??.??"]

1. d4 d5 2. c3 Bg4 3. h3 Bf5 4. Qb3 b6 5. Nf3 Nf6 6. Ne5 c5 7. g4 Be4 8. f3
Bxb1 9. Rxb1 e6 10. Be3 Bd6 11. Bf2 O-O 12. h4 Qc7 13. Bg3 13... Nc6 {
Isfen resigns} 0-1

[Event "ICS rated blitz match"]
[Site "204.178.125.65"]
[Date "1999.10.21"]
[Round "?"]
[White "Hossa"]
[Black "PostModernist"]
[Result "0-1"]
[WhiteElo "2498"]
[BlackElo "2608"]
[PlyCount "79"]
[EventDate "1999.??.??"]

1. e4 c5 2. Nf3 d6 3. d4 Nf6 4. Nc3 cxd4 5. Nxd4 e6 6. Be2 a6 7. O-O Be7 8. Be3
Nc6 9. Nxc6 bxc6 10. Qd4 e5 11. Qa4 Bb7 12. f4 exf4 13. Rxf4 O-O 14. Rd1 Qc7
15. Bc4 Nd7 16. Rff1 Ne5 17. Bb3 Bf6 18. Qb4 c5 19. Qa3 c4 20. Ba4 Ng4 21. Bf4
Qb6+ 22. Kh1 Nf2+ 23. Rxf2 Qxf2 24. Bg3 Qb6 25. Bxd6 Rfd8 26. e5 Qf2 27. Rg1
Bxe5 28. Bxe5 Rd2 29. Ne2 Rxe2 30. Qg3 Qxg3 31. Bxg3 Rd8 32. h3 Rdd2 33. Be1
Re3 34. Bd7 Rxd7 35. Kh2 Re2 36. Bc3 Rd6 37. h4 Rg6 38. h5 Rg5 39. Kh3 Bxg2+
40. Kh4 {Hossa resigns} 0-1

[Event "ICS Rated blitz match"]
[Site "204.178.125.65"]
[Date "1999.10.21"]
[Round "?"]
[White "lambChop"]
[Black "Hossa"]
[Result "1-0"]
[WhiteElo "2431"]
[BlackElo "2487"]
[PlyCount "146"]
[EventDate "1999.??.??"]

1. d4 d5 2. c4 e6 3. Nc3 Nf6 4. Bg5 Nbd7 5. e3 c6 6. Nf3 Qa5 7. Nd2 Bb4 8. Qc2
dxc4 9. Bxf6 Nxf6 10. Nxc4 Qd8 11. Bd3 O-O 12. O-O Rb8 13. f4 c5 14. a3 Bxc3
15. bxc3 cxd4 16. cxd4 Qc7 17. Ra2 Rd8 18. Kh1 Bd7 19. Ne5 Qxc2 20. Rxc2 Rbc8
21. Rfc1 Rxc2 22. Rxc2 Ne8 23. f5 exf5 24. Nxd7 Rxd7 25. Bxf5 Re7 26. Rc3 Nd6
27. Kg1 g6 28. Bc2 f5 29. Bb3+ Kg7 30. Bd5 g5 31. Kf2 Kg6 32. Kf3 h5 33. Rc5
Kg7 34. g3 Kf6 35. h4 a6 36. hxg5+ Kxg5 37. Rc2 Nb5 38. a4 Na7 39. Rb2 b5 40.
axb5 axb5 41. Rc2 Kf6 42. Kf4 Rd7 43. Bf3 Rf7 44. Bxh5 Re7 45. Be2 Re4+ 46. Kf3
Re7 47. Rc5 b4 48. Bd3 Kg7 49. Rxf5 Rf7 50. Rxf7+ Kxf7 51. Bc4+ Ke7 52. g4 Nc6
53. Ke2 Na5 54. Kd3 Kf6 55. e4 Kg5 56. Be6 Kf4 57. e5 Nc6 58. Bd7 Ne7 59. Kc4
Ke4 60. Bf5+ Ke3 61. Bc2 Kd2 62. Bb1 b3 63. d5 Nc8 64. d6 Nb6+ 65. Kb5 Nd5 66.
e6 Kc1 67. e7 b2 68. e8=Q Kxb1 69. Qe4+ Ka1 70. Qa4+ Kb1 71. Qd1+ Ka2 72. Qxd5+
Ka3 73. Qd3+ 73... Ka2 {Hossa resigns} 1-0

[Event "ICS rated blitz match"]
[Site "204.178.125.65"]
[Date "1999.10.21"]
[Round "?"]
[White "Hossa"]
[Black "lambChop"]
[Result "1/2-1/2"]
[WhiteElo "2468"]
[BlackElo "2452"]
[PlyCount "125"]
[EventDate "1999.??.??"]

1. e4 Nc6 2. Nf3 e5 3. Bb5 a6 4. Bxc6 dxc6 5. Nc3 Bc5 6. d3 Nf6 7. Nxe5 Qd4 8.
Be3 Qxe5 9. d4 Qe7 10. dxc5 Nxe4 11. Qd4 f5 12. O-O-O O-O 13. Rhe1 Qf7 14. Bd2
Nxd2 15. Rxd2 Be6 16. Rde2 Rfe8 17. Re5 Qf6 18. Qe3 f4 19. Qd4 Re7 20. Ne4 Qg6
21. Ng5 Rd7 22. Qxf4 Rf8 23. Qg3 Bd5 24. Qh3 Rdd8 25. f3 Rf6 26. Kb1 h6 27. Ne4
Bxe4 28. fxe4 Rd2 29. Qc8+ Kh7 30. Re7 Rxg2 31. Re8 Qf7 32. b3 g5 33. e5 Rf1
34. Rxf1 Qxf1+ 35. Kb2 Qf7 36. Rd8 Rxc2+ 37. Kxc2 Qf2+ 38. Rd2 Qxc5+ 39. Kb1
Qxe5 40. Qxb7 Qe4+ 41. Kb2 Qe5+ 42. Kc1 Qa1+ 43. Kc2 Qxa2+ 44. Kd3 Qb1+ 45. Ke3
Qe1+ 46. Re2 Qc1+ 47. Kf2 Qf4+ 48. Kg2 Qg4+ 49. Kf1 Qf5+ 50. Ke1 Qa5+ 51. Rd2
Qe5+ 52. Kd1 Qa1+ 53. Ke2 Qe5+ 54. Kf1 Qf5+ 55. Rf2 Qb1+ 56. Kg2 Qe4+ 57. Rf3
Qe2+ 58. Kg3 Qe1+ 59. Kg4 Qe4+ 60. Kg3 Qe1+ 61. Kg4 Qe4+ 62. Kg3 Qe1+ 63. Kg4 {
Game drawn by repetition} 1/2-1/2

[Event "ICS rated blitz match"]
[Site "204.178.125.65"]
[Date "1999.10.21"]
[Round "?"]
[White "Astra"]
[Black "Hossa"]
[Result "0-1"]
[WhiteElo "2178"]
[BlackElo "2467"]
[PlyCount "132"]
[EventDate "1999.??.??"]

1. e4 e5 2. Bc4 Nf6 3. d3 Nc6 4. f4 d5 5. exd5 Nxd5 6. f5 Bxf5 7. Nf3 Bc5 8.
Qe2 O-O 9. Nc3 Nxc3 10. bxc3 Qd6 11. Be3 Bxe3 12. Qxe3 Qa3 13. Bb3 Qb2 14. O-O
Qxc3 15. Ng5 Bg6 16. Kh1 Rad8 17. Rae1 Rd6 18. Ne4 Bxe4 19. Qxe4 Qd4 20. Qf5
Rf6 21. Qh5 Rf2 22. Rg1 Qf4 23. Re4 Qf6 24. Rh4 Qg6 25. Qxg6 hxg6 26. Re4 Rd8
27. h3 Nd4 28. Rxe5 Nxb3 29. cxb3 Rxa2 30. Re7 Rc2 31. Rd1 Kf8 32. Re4 a5 33.
Rc4 Rxc4 34. bxc4 Rd4 35. Rb1 b6 36. Rb3 Ke7 37. Kg1 f5 38. Kf2 f4 39. Kf3 Kd6
40. Rc3 Kc5 41. Kg4 a4 42. Rc1 Rxd3 43. Kxf4 Kb4 44. h4 a3 45. g4 Rc3 46. Rb1+
Ka4 47. h5 Rxc4+ 48. Kg5 a2 49. Ra1 Kb3 50. hxg6 Kb2 51. Rxa2+ Kxa2 52. Kf5 b5
53. g5 Rc5+ 54. Ke6 Rxg5 55. Kf7 Kb3 56. Kxg7 Rxg6+ 57. Kxg6 b4 58. Kf6 Kc3 59.
Kg6 b3 60. Kf6 b2 61. Kg6 b1=Q+ 62. Kf6 Kd4 63. Ke6 Qf1 64. Ke7 Kd5 65. Kd7
Qf7+ 66. Kd8 66... Kc6 {Astra resigns} 0-1

[Event "ICS rated blitz match"]
[Site "204.178.125.65"]
[Date "1999.10.21"]
[Round "?"]
[White "Hossa"]
[Black "harald"]
[Result "1-0"]
[WhiteElo "2482"]
[BlackElo "2262"]
[PlyCount "111"]
[EventDate "1999.??.??"]

1. e4 Nf6 2. e5 Nd5 3. d4 d6 4. c4 Nb6 5. f4 dxe5 6. fxe5 c5 7. d5 e6 8. Nc3
exd5 9. cxd5 c4 10. a3 Bc5 11. Nf3 O-O 12. Bg5 Qe8 13. Ne4 Be7 14. Bxe7 Qxe7
15. Be2 Bg4 16. d6 Qe8 17. Qc2 Bxf3 18. Ng5 g6 19. Nxf3 Nc6 20. Qc3 Nd7 21.
Bxc4 Ndxe5 22. O-O Nxf3+ 23. Rxf3 Qe5 24. Rf6 Qxc3 25. bxc3 Ne5 26. Bd5 Rad8
27. Bxb7 Nc4 28. Re1 Nxd6 29. Re7 Nxb7 30. Rxb7 Rd1+ 31. Kf2 Rd2+ 32. Kg3 Rc2
33. Rf3 Rc8 34. Rbxf7 R8xc3 35. Rxa7 Rxf3+ 36. Kxf3 Ra2 37. a4 Ra1 38. Kf4 Ra2
39. Kg3 h6 40. h3 Ra3+ 41. Kh2 Ra1 42. a5 Ra2 43. h4 Ra1 44. a6 Kh8 45. Kg3
Ra3+ 46. Kf2 Ra4 47. g3 Ra2+ 48. Kg1 Ra3 49. Kg2 Ra2+ 50. Kf3 Ra3+ 51. Kf4 Ra4+
52. Ke5 Ra3 53. Kf6 Rxg3 54. Rd7 Rf3+ 55. Kxg6 Ra3 56. Rd8# {harald checkmated}
1-0

[Event "ICS rated blitz match"]
[Site "204.178.125.65"]
[Date "1999.10.21"]
[Round "?"]
[White "NonWimp"]
[Black "Hossa"]
[Result "1-0"]
[WhiteElo "2827"]
[BlackElo "2478"]
[PlyCount "87"]
[EventDate "1999.??.??"]

1. e4 Nc6 2. d4 d5 3. Nc3 dxe4 4. d5 Ne5 5. Qd4 Nd7 6. Bf4 Ngf6 7. Nge2 Nb6 8.
O-O-O Bg4 9. h3 Bh5 10. Be5 Nbd7 11. Bxf6 Nxf6 12. g4 Bg6 13. Nf4 c6 14. g5 Nd7
15. dxc6 bxc6 16. Nxg6 hxg6 17. Qxe4 Rc8 18. Bc4 e5 19. Kb1 Rc7 20. Qf3 f5 21.
Be6 Qc8 22. Rhe1 Be7 23. Qe3 Rh5 24. Rxd7 Rxd7 25. Qxe5 Kf8 26. Na4 Qb7 27. Bc4
Qb4 28. Qe6 Qxe1+ 29. Qxe1 Rd4 30. b3 Ba3 31. c3 Re4 32. Qd2 Ke8 33. f3 Re7 34.
Qh2 Rd7 35. b4 Rh4 36. Qe5+ Kd8 37. Be6 Rd2 38. Nc5 Rd1+ 39. Kc2 Rc1+ 40. Kd2
Rd1+ 41. Kxd1 Ke7 42. Qxg7+ Kd6 43. Qd7+ Ke5 44. Nd3# {Hossa checkmated} 1-0

[Event "ICS unrated blitz match"]
[Site "204.178.125.65"]
[Date "1999.10.21"]
[Round "?"]
[White "Moron"]
[Black "Hossa"]
[Result "1-0"]
[WhiteElo "2856"]
[BlackElo "2474"]
[PlyCount "104"]
[EventDate "1999.??.??"]

1. d4 d5 2. c4 c6 3. Nf3 Nf6 4. Nc3 e6 5. Bg5 h6 6. Bxf6 Qxf6 7. e3 Nd7 8. Bd3
Bd6 9. O-O Qd8 10. c5 Be7 11. b4 O-O 12. Qc2 Bf6 13. Rfe1 e5 14. Bf5 e4 15. Nd2
g6 16. Bg4 Bg7 17. b5 f5 18. Bh3 Rf6 19. Rab1 Rb8 20. Qa4 a6 21. bxc6 bxc6 22.
Rxb8 Nxb8 23. Rb1 Nd7 24. Qb3 Kh8 25. Ne2 a5 26. g3 Kg8 27. Nf4 Qc7 28. Qa4 Ba6
29. Nb3 Bb7 30. Bf1 Ba8 31. Qxa5 Qxa5 32. Nxa5 Kh7 33. Bg2 Bh8 34. Nb7 g5 35.
Ne2 Kg6 36. Nd6 h5 37. a4 Rf8 38. a5 Rb8 39. Rxb8 Nxb8 40. Bh3 g4 41. Nf4+ Kg7
42. Bf1 Kf6 43. a6 h4 44. gxh4 Nd7 45. Ne8+ Kf7 46. Nc7 Nf8 47. Nxa8 Bf6 48.
Nb6 Ne6 49. Nxe6 Kxe6 50. a7 Kf7 51. a8=Q Bxh4 52. Qxc6 52... Bf6 {
Hossa resigns} 1-0

[Event "ICS rated blitz match"]
[Site "204.178.125.65"]
[Date "1999.10.21"]
[Round "?"]
[White "Hossa"]
[Black "PostModernist"]
[Result "0-1"]
[WhiteElo "2474"]
[BlackElo "2618"]
[PlyCount "119"]
[EventDate "1999.??.??"]

1. d4 Nf6 2. Nf3 e6 3. c4 c5 4. d5 d6 5. Nc3 exd5 6. Nxd5 Nxd5 7. Qxd5 Nc6 8.
Ng5 Qe7 9. Bd2 f6 10. Nf3 Be6 11. Qe4 O-O-O 12. Rd1 Qf7 13. e3 d5 14. cxd5 Bxd5
15. Qf5+ Kb8 16. Bb5 Bxf3 17. Qxf3 Ne5 18. Qe2 Qxa2 19. Bc3 Rxd1+ 20. Qxd1 Be7
21. O-O g6 22. e4 Rd8 23. Qc1 h5 24. Qf4 Qe6 25. Qg3 g5 26. Qe3 Ng4 27. Qe2 Qd6
28. g3 a6 29. Bc4 Ne5 30. Bd5 g4 31. Rd1 Nf3+ 32. Kh1 h4 33. Rd3 hxg3 34. fxg3
Rh8 35. e5 Nxe5 36. Rd2 Qc7 37. Qf2 Rd8 38. Qf5 Ka7 39. Qh7 Nf3 40. Rd3 Nd4 41.
Bg2 Ne2 42. Bd2 Rxd3 43. Qxd3 Nd4 44. Bc3 Qd7 45. b4 Qb5 46. Qe4 Nc6 47. bxc5
Qxc5 48. Qd3 Bd8 49. Bb2 Bb6 50. Qd1 Ne5 51. Qa1 Nd3 52. Ba3 Qe3 53. Qf1 Nf2+
54. Kg1 Qxa3 55. Qb1 Qc5 56. Qf1 Ne4+ 57. Kh1 Qe3 58. Bh3 Nf2+ 59. Kg1 Nxh3+
60. Kh1 {Hossa resigns} 0-1

[Event "ICS rated blitz match"]
[Site "204.178.125.65"]
[Date "1999.10.21"]
[Round "?"]
[White "supersharp7711"]
[Black "Hossa"]
[Result "0-1"]
[WhiteElo "1767"]
[BlackElo "2464"]
[PlyCount "46"]
[EventDate "1999.??.??"]

1. e4 c5 2. Nf3 d6 3. d4 Nf6 4. Nc3 cxd4 5. Nxd4 e6 6. Be2 a6 7. a4 Nc6 8. O-O
Nxd4 9. Qxd4 Be7 10. Be3 O-O 11. f4 d5 12. e5 Nd7 13. b4 a5 14. bxa5 Rxa5 15.
Nb5 Bc5 16. Qd2 Qb6 17. Bxc5 Nxc5 18. Kh1 Ne4 19. Qe1 Bd7 20. Qh4 Rc8 21. Bd3
Bxb5 22. axb5 Rxa1 23. Rxa1 23... Nf2+ {supersharp7711 resigns} 0-1

[Event "ICS unrated blitz match"]
[Site "204.178.125.65"]
[Date "1999.10.21"]
[Round "?"]
[White "Hossa"]
[Black "Moron"]
[Result "1/2-1/2"]
[WhiteElo "2465"]
[BlackElo "2856"]
[PlyCount "173"]
[EventDate "1999.??.??"]

1. d4 d5 2. c4 dxc4 3. Nf3 Nf6 4. e3 Bg4 5. Bxc4 e6 6. Qb3 Bxf3 7. gxf3 Nbd7 8.
Qxb7 c5 9. O-O cxd4 10. exd4 Rc8 11. Bb5 Rc7 12. Qa6 Nd5 13. Nc3 Nb4 14. Qa5
Rb7 15. Qxd8+ Kxd8 16. Be3 Nd5 17. Rab1 N7f6 18. Rfc1 Be7 19. Bc6 Rb4 20. Nb5
a6 21. Na7 Nxe3 22. fxe3 Rf8 23. Be4 Kd7 24. Nc6 Nxe4 25. Ne5+ Kd8 26. fxe4 Rb6
27. Rc6 Rxc6 28. Nxc6+ Ke8 29. Rc1 Bg5 30. Rc3 f5 31. exf5 exf5 32. Nb4 Rf6 33.
Nd5 Rg6 34. Kf2 Rh6 35. Kg3 Kd7 36. Rc5 Bh4+ 37. Kf3 Bd8 38. Kg2 Rg6+ 39. Kf2
Rh6 40. Kg1 Rg6+ 41. Kh1 Re6 42. b4 Bg5 43. Kg2 Bxe3 44. Nxe3 Rxe3 45. Rxf5 Ra3
46. Rf7+ Kc6 47. Rxg7 Rxa2+ 48. Kg3 Ra3+ 49. Kf4 Rh3 50. Ra7 Kb6 51. Ra8 Rxh2
52. Rb8+ Kc7 53. Rh8 Kc6 54. Ke4 Kb5 55. Rb8+ Kc4 56. Rb6 Re2+ 57. Kf5 Kxd4 58.
Rxa6 Re5+ 59. Kf4 Re7 60. Rh6 Kc4 61. b5 Kxb5 62. Rh5+ Kc4 63. Rh4 Kd4 64. Rh3
Rf7+ 65. Kg4 Ke5 66. Rh2 Rb7 67. Rh1 Ke4 68. Rf1 Rg7+ 69. Kh4 Kd5 70. Rh1 Rg6
71. Rf1 Rg2 72. Rh1 Ke6 73. Rf1 Ke5 74. Kh3 Rg5 75. Rh1 Rh5+ 76. Kg2 Rxh1 77.
Kxh1 h6 78. Kh2 Kf4 79. Kh3 Kg5 80. Kg3 h5 81. Kh3 Kh6 82. Kh4 Kg6 83. Kg3 Kh7
84. Kh4 Kh6 85. Kg3 Kg7 86. Kh4 Kf6 87. Kxh5 {
Game drawn because neither player has mating material} 1/2-1/2

[Event "ICS rated bullet match"]
[Site "204.178.125.65"]
[Date "1999.10.21"]
[Round "?"]
[White "JSBach"]
[Black "Hossa"]
[Result "0-1"]
[WhiteElo "1985"]
[BlackElo "2429"]
[PlyCount "54"]
[EventDate "1999.??.??"]

1. d4 d5 2. Bf4 e6 3. Nf3 Bd6 4. Be5 Nf6 5. c3 O-O 6. e3 Nc6 7. Bb5 Bxe5 8.
dxe5 Nd7 9. Bxc6 bxc6 10. O-O f6 11. Qa4 Nxe5 12. Nxe5 fxe5 13. Qxc6 Rb8 14. b4
Qe7 15. Rd1 Qf7 16. Rd2 Rb6 17. Qc5 Bb7 18. e4 c6 19. Qa5 Ra6 20. Qc5 Qf4 21.
Qe7 Qxe4 22. Qxe6+ Kh8 23. Kf1 Ra5 24. bxa5 Ba6+ 25. c4 Bxc4+ 26. Re2 Qxe2+ 27.
Kg1 27... Qe1# {JSBach checkmated} 0-1

[Event "ICS rated blitz match"]
[Site "204.178.125.65"]
[Date "1999.10.21"]
[Round "?"]
[White "NonWimp"]
[Black "Hossa"]
[Result "1-0"]
[WhiteElo "2841"]
[BlackElo "2465"]
[PlyCount "90"]
[EventDate "1999.??.??"]

1. e4 c5 2. Nf3 d6 3. d4 Nf6 4. Nc3 cxd4 5. Nxd4 e6 6. g4 d5 7. exd5 Nxd5 8.
Bb5+ Bd7 9. Nxd5 exd5 10. Bxd7+ Qxd7 11. O-O Nc6 12. Nxc6 bxc6 13. Qd4 O-O-O
14. Re1 c5 15. Qd1 h5 16. gxh5 Qf5 17. Qe2 Rd6 18. Qe8+ Kb7 19. Re5 Qg4+ 20.
Kf1 f6 21. Re3 Qd1+ 22. Kg2 Qg4+ 23. Rg3 Qe4+ 24. Qxe4 dxe4 25. h6 gxh6 26. Bf4
Rd5 27. Re1 f5 28. f3 exf3+ 29. Kxf3 a5 30. Rg6 Rh7 31. Re8 Rf7 32. Rb8+ Ka7
33. Rbb6 Rd1 34. Ra6+ Kb7 35. Rgb6+ Kc8 36. Ra8+ Kd7 37. Ra7+ Ke8 38. Rb8+ Rd8
39. Rxd8+ Kxd8 40. Rxf7 Ke8 41. Rxf5 a4 42. Rxf8+ Kd7 43. Bxh6 Ke6 44. Rc8 Kd5
45. c4+ 45... Ke5 {Hossa resigns} 1-0

[Event "ICS rated blitz match"]
[Site "204.178.125.65"]
[Date "1999.10.21"]
[Round "?"]
[White "Hossa"]
[Black "MissSilicon"]
[Result "1/2-1/2"]
[WhiteElo "2462"]
[BlackElo "2751"]
[PlyCount "168"]
[EventDate "1999.??.??"]

1. e4 e5 2. Bc4 Nf6 3. d3 c6 4. Nf3 d5 5. Bb3 Bg4 6. h3 dxe4 7. hxg4 exf3 8.
Qxf3 Na6 9. g5 Nd5 10. Qf5 Qe7 11. Nc3 Nxc3 12. bxc3 g6 13. Qh3 Bg7 14. Be3 Nc7
15. O-O-O a5 16. Qf3 Nb5 17. Bd2 a4 18. Bc4 Nd6 19. Rh4 O-O 20. Qh3 Nxc4 21.
dxc4 Qa3+ 22. Kb1 Ra6 23. Bc1 Qe7 24. Rxh7 f5 25. gxf6 Rxf6 26. Bg5 c5 27. Ka1
Rfd6 28. Qc8+ Qf8 29. Qxf8+ Kxf8 30. Rxd6 Rxd6 31. Kb2 Ra6 32. Be7+ Kg8 33. Rh3
b6 34. Bg5 Kf7 35. Rh7 Kg8 36. Rh1 Kf7 37. Ka3 Bf6 38. Bxf6 Kxf6 39. Rb1 Kf5
40. Rb5 Kf4 41. Kb2 e4 42. Ka3 e3 43. fxe3+ Kxe3 44. Rb1 Kd2 45. Kb2 Ke2 46.
Rh1 Kf2 47. Rh6 Kxg2 48. Rxg6+ Kf3 49. a3 Kf4 50. Ka1 Kf5 51. Rg1 Ra8 52. Rf1+
Ke6 53. Rb1 Rb8 54. Rb5 Kd6 55. Rb1 Ke6 56. Kb2 Rh8 57. Ka2 Rb8 58. Rh1 Ke5 59.
Rh7 Ra8 60. Rb7 Ra6 61. Rd7 Ke6 62. Rd8 Ke7 63. Rb8 Kd6 64. Rf8 Ke6 65. Kb2 Ke5
66. Rd8 Ra7 67. Rb8 Ra6 68. Kc1 Kd6 69. Kd2 Kc6 70. Rg8 Kb7 71. Ke2 Ra8 72.
Rxa8 Kxa8 73. Kf3 Kb7 74. Ke4 Kc8 75. Kf4 Kd8 76. Kg3 Ke7 77. Kg4 Ke6 78. Kf4
Kf6 79. Ke4 Ke6 80. Kf3 Ke5 81. Ke3 Kf5 82. Kf3 Ke5 83. Ke3 Kf5 84. Kf3 84...
Ke5 {Game drawn by repetition} 1/2-1/2

[Event "ICS rated blitz match"]
[Site "204.178.125.65"]
[Date "1999.10.21"]
[Round "?"]
[White "MissSilicon"]
[Black "Hossa"]
[Result "1-0"]
[WhiteElo "2740"]
[BlackElo "2473"]
[PlyCount "109"]
[EventDate "1999.??.??"]

1. d4 d5 2. c4 dxc4 3. Nf3 Nf6 4. e3 Bg4 5. Bxc4 e6 6. Qb3 Bxf3 7. gxf3 Nbd7 8.
Qxb7 c5 9. dxc5 Bxc5 10. O-O O-O 11. Rd1 Rb8 12. Qa6 Qc7 13. Be2 Qe5 14. f4 Qf5
15. Nc3 e5 16. Nd5 e4 17. Qc6 Rfd8 18. Kh1 Ng4 19. Kg2 Kh8 20. Nc3 Ngf6 21. Kh1
Qh3 22. a3 Re8 23. Qa4 Bb6 24. b4 Red8 25. Qb3 Kg8 26. Qc2 Rbc8 27. Bb2 Qh4 28.
Rf1 Nd5 29. Ba6 Rc7 30. Rg1 N7f6 31. Rad1 Rdd7 32. Bb5 Nxc3 33. Rxd7 Nxd7 34.
Bxd7 Rxd7 35. Qxc3 f6 36. Qc8+ Rd8 37. Qb7 g6 38. Qxe4 Kf7 39. Qb7+ Kf8 40. Qc6
Kf7 41. Rc1 f5 42. Qc4+ Ke7 43. Qc3 Qh5 44. Qg7+ Ke8 45. Qg8+ Ke7 46. Bf6+ Kd6
47. Qf7 Qf3+ 48. Kg1 Qg4+ 49. Kf1 Re8 50. Qxe8 Qd1+ 51. Rxd1+ Kc7 52. Rc1+ Bc5
53. Rxc5+ Kb7 54. Qd7+ Ka6 55. Qc6# {Hossa checkmated} 1-0

[Event "ICS rated blitz match"]
[Site "204.178.125.65"]
[Date "1999.10.21"]
[Round "?"]
[White "Hossa"]
[Black "Skeletor"]
[Result "0-1"]
[WhiteElo "2467"]
[BlackElo "2677"]
[PlyCount "123"]
[EventDate "1999.??.??"]

1. d4 Nf6 2. Nf3 g6 3. g3 Bg7 4. Bg2 O-O 5. c4 d6 6. O-O Nbd7 7. Bf4 c5 8. d5
Nb6 9. Na3 Re8 10. Re1 Nh5 11. Bc1 h6 12. e4 e6 13. dxe6 Bxe6 14. Nd2 Qd7 15.
Bf1 Bh3 16. Bd3 Nf6 17. f3 Qe6 18. Nb5 Re7 19. Nc3 Rae8 20. Ne2 Qe5 21. Nf4 Bd7
22. Nb3 d5 23. Nxd5 Nfxd5 24. cxd5 c4 25. Nc5 cxd3 26. Nxd3 Qd4+ 27. Be3 Ba4
28. Bxd4 Bxd4+ 29. Kh1 Bxd1 30. Rexd1 Nc4 31. Rab1 Rd8 32. b3 Ne3 33. Rd2 Bc3
34. Rf2 Rd6 35. Rc1 Bd4 36. Rd2 f5 37. Nf2 Bb6 38. a3 h5 39. Rb1 Kf7 40. h3 Rc7
41. Nd1 Nf1 42. Rg2 Bd4 43. a4 Be5 44. f4 Bd4 45. e5 Rxd5 46. h4 Rdc5 47. Nb2
Rc1 48. Rxc1 Rxc1 49. Nd3 Nxg3+ 50. Kh2 Nf1+ 51. Kh1 Rc3 52. Nf2 Rf3 53. Kg1
Ne3 54. Rg5 Nd5 55. e6+ Ke7 56. Rg2 Nxf4 57. Rh2 Rxb3 58. Rg2 Rf3 59. Rh2 Bxf2+
60. Rxf2 Nh3+ 61. Kg2 Rxf2+ 62. Kg3 {Hossa resigns} 0-1

[Event "ICS rated blitz match"]
[Site "204.178.125.65"]
[Date "1999.10.21"]
[Round "?"]
[White "Hossa"]
[Black "BigHeart"]
[Result "0-1"]
[WhiteElo "2460"]
[BlackElo "2314"]
[PlyCount "118"]
[EventDate "1999.??.??"]

1. d4 Nf6 2. Nf3 g6 3. c4 Bg7 4. Nc3 O-O 5. e4 d6 6. Bg5 Nbd7 7. Bd3 e5 8. dxe5
dxe5 9. O-O c6 10. Qc1 Qe7 11. Bh6 Bxh6 12. Qxh6 Nh5 13. Rfd1 f6 14. Rd2 Nc5
15. Rad1 a5 16. Bc2 Bg4 17. Rd6 Bxf3 18. gxf3 Rad8 19. R6d2 Nf4 20. Ne2 Nce6
21. Nxf4 Nxf4 22. c5 Rxd2 23. Rxd2 Rd8 24. Rxd8+ Qxd8 25. Bb3+ Kh8 26. a4 Qe7
27. Bc4 Qxc5 28. b3 Qa3 29. h4 Qe7 30. Kh2 Qg7 31. Qxg7+ Kxg7 32. Bf1 h5 33.
Bc4 Kf8 34. Kg3 Ke7 35. Bg8 Kd6 36. Bc4 Kc5 37. Bf7 b5 38. Be8 bxa4 39. bxa4
Kd6 40. Bf7 g5 41. Be8 gxh4+ 42. Kxh4 Ne6 43. Bxh5 c5 44. Bf7 c4 45. f4 c3 46.
fxe5+ fxe5 47. f4 c2 48. f5 Nd8 49. Bc4 c1=Q 50. Bd5 Qg1 51. Kh5 Ke7 52. Kh4
Nf7 53. Bb7 Nh6 54. Kh3 Kf6 55. Bd5 Qg4+ 56. Kh2 Qf3 57. Kg1 Ng4 58. Bc4 Qf2+
59. Kh1 59... Qh2# {Hossa checkmated} 0-1

[Event "ICS Rated standard match"]
[Site "204.178.125.65"]
[Date "1999.10.21"]
[Round "?"]
[White "Hossa"]
[Black "netpi"]
[Result "0-1"]
[WhiteElo "2044"]
[BlackElo "2362"]
[PlyCount "97"]
[EventDate "1999.??.??"]

1. e4 e5 2. Nf3 Nc6 3. Bb5 a6 4. Ba4 b5 5. Bb3 Nf6 6. d3 d5 7. O-O dxe4 8. Ng5
exd3 9. Nxf7 dxc2 10. Qxc2 Nd4 11. Qd2 Qe7 12. Nxh8 Nxb3 13. axb3 Bb7 14. Re1
g6 15. Qg5 O-O-O 16. Nc3 Qg7 17. Nxg6 hxg6 18. Qh4 Rd4 19. Qh3+ Qd7 20. Rxe5
Qxh3 21. gxh3 Bd6 22. Re6 b4 23. Be3 Rd3 24. Ne2 Nd5 25. Rxg6 Nxe3 26. Rg8+ Kd7
27. fxe3 Rxe3 28. Rg7+ Kd8 29. Ng3 Rxb3 30. Rd1 Rxb2 31. Rxd6+ cxd6 32. Rxb7 a5
33. Nf5 a4 34. Rb6 a3 35. Rxd6+ Kc7 36. h4 Rb1+ 37. Kg2 b3 38. Kh3 a2 39. Ra6
a1=Q 40. Rxa1 Rxa1 41. Nd4 b2 42. Ne6+ Kc8 43. Kg4 b1=Q 44. Kg5 Qg1+ 45. Kf6
Qxh2 46. Kg6 Qxh4 47. Kf5 Ra5+ 48. Kg6 Ra6 49. Kf5 {Hossa resigns} 0-1